[Event "Belgrade Cup"]
[Site "Belgrade"]
[Date "2024.05.12"]
[Round "4.4"]
[White "Biocanin, Goran"]
[Black "Dumbelovic, Novak"]
[Result "1-0"]
[WhiteElo "2214"]
[BlackElo "2077"]
[PlyCount "89"]
[EventDate "2024.05.10"]
[EventType "team-tourn"]
[EventRounds "5"]
[EventCountry "SRB"]
[SourceTitle "CB20_2024"]
[SourceDate "2024.05.16"]
[SourceVersion "1"]
[SourceVersionDate "2024.05.16"]
[SourceQuality "1"]
[WhiteTeam "Belgrade CC"]
[BlackTeam "Mirijevo"]
[WhiteTeamCountry "SRB"]
[BlackTeamCountry "SRB"]

1. g3 Nf6 2. Bg2 e5 3. c4 d5 4. cxd5 Nxd5 5. Nc3 Nb6 6. Nf3 Nc6 7. a3 Be6 8. d3 Be7 9. 0-0 0-0 10. b4 a6 11. Ne4 Nd7 12. Be3 h6 13. Rc1 f5 14. Nc5 Nxc5 15. Bxc5 Bd5 16. Qc2 Bd6 17. Qb2 Qf6 18. a4 Qe7 19. Rfe1 Rad8 20. Bxd6 cxd6 21. b5 axb5 22. axb5 Na5 23. Nh4 Bxg2 24. Kxg2 Qf7 25. Rc3 f4 26. g4 h5 27. h3 Qf6 28. Nf3 d5 29. g5 Qe7 30. Qa3 Rd6 31. Rd1 b6 32. h4 Qe6 33. Rc7 Rf7 34. Rxf7 Kxf7 35. Qc3 d4 36. Qc7+ Kg6 37. Rc1 e4 38. dxe4 d3 39. exd3 Kh7 40. Qc8 Rd7 41. g6+ Kh6 42. Kh2 Qe7 43. Qh8+ Kxg6 44. Rg1+ Kf6 45. Qxh5 1-0

[Event "Belgrade Trophy 36th"]
[Site "Belgrade"]
[Date "2023.11.27"]
[Round "3"]
[White "Sovetbekova, Nurai"]
[Black "Dumbelovic, Novak"]
[Result "1-0"]
[WhiteElo "1801"]
[BlackElo "2108"]
[PlyCount "141"]
[EventDate "2023.11.25"]
[EventType "swiss"]
[EventRounds "9"]
[EventCountry "SRB"]
[SourceTitle "CB49_2023"]
[SourceDate "2023.12.06"]
[SourceVersion "1"]
[SourceVersionDate "2023.12.06"]
[SourceQuality "1"]

1. d4 Nf6 2. c4 g6 3. Nc3 Bg7 4. e4 d6 5. Be2 0-0 6. Be3 e5 7. d5 Na6 8. g4 Nc5 9. f3 h5 10. g5 Nh7 11. h4 a5 12. Qd2 Bd7 13. Nh3 b6 14. Nf2 Qe7 15. 0-0-0 a4 16. Nd3 Rfb8 17. Kb1 Nf8 18. Bf1 Nb7 19. Nf2 Ra5 20. Qc2 Be8 21. Bd2 Raa8 22. Nd3 Qd8 23. Be2 Na5 24. Nb4 Bd7 25. Rdf1 Qe7 26. Rf2 Nh7 27. Rhf1 Rf8 28. Nb5 f6 29. gxf6 Qxf6 30. Rg1 Rac8 31. Rfg2 Be8 32. Na6 c6 33. Nbc7 Bf7 34. Ne6 Nb7 35. Nxg7 Kxg7 36. dxc6 Nd8 37. Nb4 Kh8 38. f4 Ne6 39. fxe5 dxe5 40. Bc3 Nf4 41. Nd3 Nxd3 42. Bxd3 Rxc6 43. Qxa4 Re6 44. Rf1 Qg7 45. Rgf2 Be8 46. Rxf8+ Nxf8 47. Qa8 Nd7 48. Bc2 Kh7 49. Qd5 Nc5 50. Qd2 Bc6 51. Qg2 Qb7 52. Re1 Qf7 53. b4 Nd7 54. Bb3 Qf4 55. Bd2 Qxh4 56. Bc2 Nf6 57. Re3 Ng8 58. Rh3 Qe7 59. a3 Rd6 60. Kb2 Qe6 61. Bc3 Bd7 62. Rf3 Qe7 63. Qg3 Re6 64. Bd2 Rf6 65. Rd3 Re6 66. Bg5 Qe8 67. Qf2 Ne7 68. Rf3 Nc6 69. Rf8 Nd4 70. Rxe8 Bxe8 71. Qf8 1-0

[Event "Belgrade Trophy 36th"]
[Site "Belgrade"]
[Date "2023.11.26"]
[Round "2"]
[White "Dumbelovic, Novak"]
[Black "Zhang, Michelle1"]
[Result "1/2-1/2"]
[WhiteElo "2108"]
[BlackElo "1833"]
[PlyCount "97"]
[EventDate "2023.11.25"]
[EventType "swiss"]
[EventRounds "9"]
[EventCountry "SRB"]
[SourceTitle "CB49_2023"]
[SourceDate "2023.12.06"]
[SourceVersion "1"]
[SourceVersionDate "2023.12.06"]
[SourceQuality "1"]

1. e4 c6 2. d4 d5 3. e5 Bf5 4. h4 h5 5. Bd3 Bxd3 6. Qxd3 e6 7. Bg5 Qa5+ 8. Nd2 Qa6 9. c4 Bb4 10. b3 Ne7 11. Ngf3 Nd7 12. 0-0 Nf5 13. Qc2 0-0 14. Rac1 Ba3 15. Rcd1 Rac8 16. Nb1 Bb4 17. c5 Ba5 18. a3 Bd8 19. Qd2 b6 20. Bxd8 Rfxd8 21. Qg5 g6 22. b4 Qa4 23. Rd3 a5 24. Nc3 Qxa3 25. Rfd1 Qxb4 26. Ne2 bxc5 27. Nf4 c4 28. Nxg6 fxg6 29. Qxg6+ Ng7 30. Ng5 Nf8 31. Qf7+ Kh8 32. Rf3 Rd7 33. Qf6 Re8 34. Qh6+ Kg8 35. Rxf8+ Kxf8 36. Qh8+ Ke7 37. Qxg7+ Kd8 38. Qf6+ Kc8 39. Qg6 Rde7 40. Nf7 Kd7 41. Rb1 Rg8 42. Qc2 Rxf7 43. Rxb4 axb4 44. Qa4 b3 45. Qa7+ Ke8 46. Qb8+ Ke7 47. Qxg8 c3 48. Qb8 c2 49. Qd6+ 1/2-1/2

[Event "Paracin op 16th"]
[Site "Paracin"]
[Date "2023.07.12"]
[Round "6"]
[White "Dumbelovic, Novak"]
[Black "Hercegovac, Neven"]
[Result "0-1"]
[WhiteElo "2044"]
[BlackElo "2173"]
[PlyCount "72"]
[EventDate "2023.07.07"]
[EventType "swiss"]
[EventRounds "9"]
[EventCountry "SRB"]
[SourceTitle "EXT 2024"]
[Source "ChessBase"]
[SourceDate "2023.10.10"]
[SourceVersion "1"]
[SourceVersionDate "2023.10.10"]
[SourceQuality "1"]

1. e4 c5 2. Nf3 Nc6 3. d4 cxd4 4. Nxd4 Nf6 5. Nc3 e5 6. Ndb5 d6 7. Bg5 a6 8. Na3 b5 9. Bxf6 gxf6 10. Nd5 f5 11. Bd3 Be6 12. c3 Bg7 13. Nxb5 axb5 14. Bxb5 Rc8 15. Qa4 Bd7 16. exf5 0-0 17. 0-0 e4 18. Qxe4 Re8 19. Qa4 Re5 20. Qd1 Bxf5 21. a4 Be4 22. Ne3 d5 23. Rc1 Qb6 24. Re1 Na7 25. Bd7 Rd8 26. Bg4 f5 27. Be2 f4 28. Ng4 Ree8 29. b4 h5 30. a5 Qg6 31. f3 hxg4 32. fxe4 f3 33. Bd3 dxe4 34. Rxe4 Rxe4 35. Bc4+ Rxc4 36. Qxd8+ Kh7 0-1

[Event "Paracin op 16th"]
[Site "Paracin"]
[Date "2023.07.10"]
[Round "4"]
[White "Dumbelovic, Novak"]
[Black "Prokhorov, Ivan"]
[Result "1/2-1/2"]
[WhiteElo "2044"]
[BlackElo "2144"]
[PlyCount "95"]
[EventDate "2023.07.07"]
[EventType "swiss"]
[EventRounds "9"]
[EventCountry "SRB"]
[SourceTitle "EXT 2024"]
[Source "ChessBase"]
[SourceDate "2023.10.10"]
[SourceVersion "1"]
[SourceVersionDate "2023.10.10"]
[SourceQuality "1"]

1. e4 e5 2. Nf3 Nc6 3. Nc3 Nf6 4. Bb5 Bb4 5. 0-0 0-0 6. d3 d6 7. Ne2 Bg4 8. h3 Bxf3 9. gxf3 Nh5 10. c3 Ba5 11. Bxc6 bxc6 12. Ng3 Qh4 13. Kg2 Nf4+ 14. Bxf4 Qxf4 15. Qc1 Qxc1 16. Rfxc1 g6 17. Nf1 Bb6 18. a4 a6 19. Ne3 f5 20. Rc2 Rf6 21. b4 Raf8 22. Raa2 fxe4 23. fxe4 Bxe3 24. fxe3 Rf1 25. Re2 Rc1 26. c4 Rff1 27. b5 cxb5 28. axb5 axb5 29. cxb5 Rg1+ 30. Kh2 Rgd1 31. Rec2 Kf7 32. Kg2 Ke6 33. Rc4 Rxc4 34. dxc4 Rc1 35. Ra4 Kf6 36. Kf2 Ke6 37. Ke2 Kd7 38. Kf3 Kc8 39. Ra8+ Kb7 40. Rh8 Rxc4 41. Rxh7 Rc1 42. Kf2 Rc2+ 43. Kf3 Rh2 44. Kg3 Rh1 45. Kg2 Re1 46. Kf2 Rh1 47. Kg2 Re1 48. Kf2 1/2-1/2

[Event "Paracin op 16th"]
[Site "Paracin"]
[Date "2023.07.08"]
[Round "2"]
[White "Harshad, S."]
[Black "Dumbelovic, Novak"]
[Result "1-0"]
[WhiteElo "2222"]
[BlackElo "2044"]
[PlyCount "73"]
[EventDate "2023.07.07"]
[EventType "swiss"]
[EventRounds "9"]
[EventCountry "SRB"]
[SourceTitle "EXT 2024"]
[Source "ChessBase"]
[SourceDate "2023.10.10"]
[SourceVersion "1"]
[SourceVersionDate "2023.10.10"]
[SourceQuality "1"]

1. e4 c5 2. Nf3 d6 3. d4 cxd4 4. Nxd4 Nf6 5. Nc3 g6 6. Be3 Bg7 7. f3 0-0 8. Qd2 Nc6 9. 0-0-0 d5 10. exd5 Nxd5 11. Nxc6 bxc6 12. Bd4 Nxc3 13. Qxc3 Bh6+ 14. Be3 Bxe3+ 15. Qxe3 Qb6 16. Re1 Be6 17. h4 Rab8 18. b3 Rfd8 19. h5 Qd4 20. Qxd4 Rxd4 21. Bd3 Kg7 22. Kb2 Rbd8 23. Kc3 R8d6 24. Re5 R6d5 25. Rxd5 Rxd5 26. hxg6 hxg6 27. Rh4 Ra5 28. Kb2 Rg5 29. Bf1 Re5 30. Ra4 a5 31. Kc3 Re1 32. Bd3 Rg1 33. Rxa5 Rxg2 34. Be4 f6 35. Rc5 Bd7 36. a4 Rh2 37. a5 1-0

[Event "EU-ch 23rd"]
[Site "Vrnjacka Banja"]
[Date "2023.03.05"]
[Round "3"]
[White "Voiteanu, Christian Gabriel"]
[Black "Dumbelovic, Novak"]
[Result "1-0"]
[WhiteElo "2155"]
[BlackElo "1948"]
[PlyCount "67"]
[EventDate "2023.03.03"]
[EventType "swiss"]
[EventRounds "11"]
[EventCountry "SRB"]
[SourceTitle "CBM 213"]
[Source "ChessBase"]
[SourceDate "2023.04.30"]
[SourceVersion "1"]
[SourceVersionDate "2023.04.30"]
[SourceQuality "1"]

1. d4 Nf6 2. c4 g6 3. Nc3 Bg7 4. e4 d6 5. Be2 0-0 6. Be3 e5 7. d5 Na6 8. g4 Nc5 9. f3 h5 10. b4 Na6 11. a3 hxg4 12. Bg5 gxf3 13. Bxf3 Qe8 14. h4 Nh7 15. Qd2 f5 16. Nh3 Qf7 17. 0-0-0 Nb8 18. Rdg1 Nf6 19. Nf2 fxe4 20. Nfxe4 Bf5 21. h5 Nbd7 22. hxg6 Qe8 23. Bh6 Qe7 24. Bxg7 Qxg7 25. Rh7 Nxh7 26. gxh7+ Kxh7 27. Rxg7+ Kxg7 28. Qg5+ Kh7 29. Ng3 Bg6 30. Be4 Rf6 31. Bxg6+ Rxg6 32. Qh5+ Kg7 33. Nf5+ Kf6 34. Ne4+ 1-0

[Event "Belgrade Trophy 35th"]
[Site "Belgrade"]
[Date "2021.11.26"]
[Round "3"]
[White "Dumbelovic, Novak"]
[Black "Novakovic, Dimitrije"]
[Result "1-0"]
[WhiteElo "1608"]
[BlackElo "1009"]
[PlyCount "42"]
[EventDate "2021.11.24"]
[EventType "swiss"]
[EventRounds "9"]
[EventCountry "SRB"]
[SourceTitle "CBM 205 Extra"]
[Source "ChessBase"]
[SourceDate "2022.01.31"]
[SourceVersion "1"]
[SourceVersionDate "2022.01.31"]
[SourceQuality "1"]

1. e4 c6 2. d4 d5 3. e5 Bf5 4. h4 h5 5. Bd3 Bxd3 6. Qxd3 e6 7. Bg5 Qb6 8. Nd2 Nd7 9. Ngf3 Qa6 10. c4 Bb4 11. 0-0 Ne7 12. a3 Bxd2 13. Nxd2 Nf5 14. b4 dxc4 15. Nxc4 Nb6 16. Rfc1 Nxc4 17. Rxc4 0-0 18. Rac1 Qb5 19. f3 Qd5 20. f4 b5 21. R4c3 Qxd4+ 1-0